Sanat - "Niin kaunis on hiljaisuus" - Kaija Koo - Statistics

Yleistilastot
  • Tätä visaa on pelattu 24 kertaa
  • Keskiarvotulos 104 / 178
Vastaustilastot
Vastaus % Oikein
ei
89%
mutta
89%
Sotilas
89%
tuntematon
89%
hiljaisuus
78%
kaipaus
78%
kaunis
78%
kulkee
78%
niin
78%
Niin
78%
on
78%
saa
78%
surusta
78%
kauniimpaa
67%
kun
67%
muista
67%
nähdä
67%
rakkainta
67%
sielu
67%
suunniltaan
67%
hän
56%
hävinnyt
56%
hetken
56%
ikuisuus
56%
isku
56%
jos
56%
jossain
56%
mies
56%
muistoissa
56%
olla
56%
säilyy
56%
salaisuus
56%
se
56%
siellä
56%
silmän
56%
tuntee
56%
aamulla
44%
että
44%
ja
44%
jää
44%
kotiin
44%
miltä
44%
tänne
44%
tietää
44%
tuntuu
44%
tyttönsä
44%
aalloilla
33%
elämä
33%
istuu
33%
jälkiään
33%
jättää
33%
juurelle
33%
kauan
33%
keinuneen
33%
kerrottiin
33%
kirjoittaa
33%
kuka
33%
kuvaa
33%
muistoissaan
33%
puun
33%
sameaan
33%
silmiä
33%
ties
33%
enemmän
22%
entinen
22%
Hälle
22%
häviää
22%
hiljaisuuteen
22%
kaikki
22%
katselemaan
22%
kirvelee
22%
kohta
22%
koskee
22%
kuin
22%
kuljetaan
22%
liikaa
22%
nähnyt
22%
tulimeren
22%
huntuun
11%
kuumilla
11%
savuverhon
11%
muisoissa
0%
Ehtoja vastaavia visoja ei löytynyt
Tulosjakauma
Jokaisen tuloksen saaneiden osuus
Persentiili vastausten määrän mukaan
Tuloshistoriasi
Et ole pelannut tätä visaa